|
|
|
|
| LEADER |
00000nab a2200000 a 4500 |
| 001 |
vtls000244058 |
| 003 |
SK-MaSNL |
| 005 |
20260304171206.0 |
| 008 |
150430c1986 xo 0 slo |
| 015 |
|
|
|a SNBRB19rr/mm-uuuuu
|
| 035 |
|
|
|a CL0254172
|
| 040 |
|
|
|a SNKBUCL
|b slo
|c SNKBUCL
|e AACR2
|
| 041 |
0 |
|
|a slo
|
| 044 |
|
|
|a xo
|c SK
|
| 080 |
|
|
|a 329.15(100-11)(729.1)
|2 1981
|
| 100 |
1 |
|
|a Dlask, Zdeněk
|4 aut
|9 1499405
|
| 245 |
1 |
0 |
|a Uznávaný oddiel medzinárodného komunistického hnutia
|b III. zjazd Komunistickej strany Kuby
|c Zdeněk Dlask
|
| 610 |
2 |
7 |
|a Partido Comunista de Cuba
|2 snkbucl
|9 186362
|
| 650 |
0 |
7 |
|a komunistické strany
|2 snkucl
|9 3597
|
| 651 |
|
7 |
|a Kuba
|2 snkucl
|9 17345
|
| 655 |
|
7 |
|a články z novín a časopisov
|2 snkbucl
|9 267496
|
| 773 |
0 |
|
|t Život strany
|g Č. 6 (1986), s. 70-72
|
| 850 |
|
|
|a Slovenská národná knižnica v Martine
|a MTA001
|
| 852 |
|
|
|a SNK
|b KIS3GCP
|
| 958 |
|
|
|a RK
|
| 958 |
|
|
|a CU
|
| 992 |
|
|
|a RBX
|
| 999 |
|
|
|c 2992131
|d 2994061
|